000 00554nam a2200193Ia 4500
005 20250923145835.0
008 008 250917s9999 xx 000 0 eng d
037 _aTextual
040 _aDSWL
_beng
_cDSWL
041 _aeng
_2eng
084 _aY:4371x4, N90
_qDSWL
245 0 _aMirrors of violence: Communities riots and survivors in South Asia
_cEd. by V. Das
260 _aDelhi
_bOxford
_c1990
300 _ax,407p.
365 _aINR
_b225.00
925 _g225.00
942 _cTEXL
_hY:4371x4, N90
999 _c1456343
_d1456343